Principles of organic chemistry: an introductory text in organic chemistry

Bewaard in:
Bibliografische gegevens
Hoofdauteurs: English, James (Auteur), Cassidy, Harold Gomes (Auteur)
Formaat: Boek
Taal:Engels
Gepubliceerd in: Nueva York McGraw-Hill 1961
Editie:3a. ed
Onderwerpen:
Tags: Voeg label toe
Geen labels, Wees de eerste die dit record labelt!

MARC

LEADER 00000nam a2200000 a 4500
001 UCX8145
003 CL-VaPUC
008 940126e19610000US |||||||||||||||||eng|d
082 0 4 |a 547  |b ENG  |2 21 
100 0 |a English, James  |e author  |9 325201 
700 0 |a Cassidy, Harold Gomes  |e author  |9 325202 
245 1 0 |a Principles of organic chemistry: an introductory text in organic chemistry 
246 1 0 |a Organic Chemistry 
250 |a 3a. ed 
300 |a 515 p 
942 |c BK 
945 |d 19940126 00:00:00  |a mfernand 
260 |a Nueva York  |b McGraw-Hill  |c 1961 
650 0 |a Química orgánica   |9 259426 
583 |a last modification  |c 19940126 00:00:00  |k Rodrigo Vera 
999 |c 227745  |d 227743 
952 |0 0  |1 0  |4 0  |6 547_000000000000000_ENG_1961  |7 0  |8 A  |9 226959  |a BIBALI  |b BIBALI  |c GEN  |d 2019-11-15  |i 2960281  |o 547 ENG 1961  |p 2960281  |r 2025-01-20  |w 2019-11-15  |y BK  |k ALI